| 000 | 03534nam a22004217a 4500 | ||
|---|---|---|---|
| 005 | 20101012152840.0 | ||
| 010 | _aB-417585-598 | ||
| 020 |
_a9788131510544 _c499.00 |
||
| 020 |
_a8131510549 _c499.00 |
||
| 035 | _aB-417585-598 | ||
| 037 | _bAsian Book Centre | ||
| 082 | _a363.25963 | ||
| 100 |
_aAlbrecht, W. Steve _923405 |
||
| 245 |
_aForencis accounting and fraud examination / _cby W. Steve Albrecht ... [et.al] |
||
| 260 |
_aNew Delhi _bCengage Learning _c2006 |
||
| 270 |
_a418 F.I. E. Patparganj _bNew Delhi _e110092 |
||
| 300 |
_a695p.: _c26 cm. (Pbk) |
||
| 500 | _aincludes index | ||
| 700 |
_aAlbrecht, Conan C. _923402 |
||
| 700 |
_aAlbrecht, Chad O. _923403 |
||
| 700 |
_aZimbelman, Mark _923404 |
||
| 942 |
_2ddc _cEN _mALB _h363.25963 |
||
| 999 |
_c35698 _d35698 |
||